Principles of electrical measurement / (Record no. 52894)
[ view plain ]
| 000 -LEADER | |
|---|---|
| fixed length control field | 00869nam a2200277 a 4500 |
| 001 - CONTROL NUMBER | |
| control field | 52894 |
| 003 - CONTROL NUMBER IDENTIFIER | |
| rucl marc code | BD-RjUL |
| 005 - DATE AND TIME OF LATEST TRANSACTION | |
| control field | 20211209075858.0 |
| 008 - FIXED-LENGTH DATA ELEMENTS--GENERAL INFORMATION | |
| fixed length control field | 160928s2006 nyua b 001 0 eng |
| 020 ## - INTERNATIONAL STANDARD BOOK NUMBER | |
| International Standard Book Number | 0750310383 (Hardcover) |
| International Standard Book Number | 9780750310383 (Hardcover) |
| 035 ## - SYSTEM CONTROL NUMBER | |
| System control number | (BD-RjUL)53014 |
| 040 ## - CATALOGING SOURCE | |
| Original cataloging agency | DLC |
| Transcribing agency | DLC |
| Modifying agency | YDX |
| -- | BAKER |
| -- | BD-RjUL |
| Language of cataloging | eng |
| 041 ## - LANGUAGE CODE | |
| Language code of text/sound track or separate title | eng |
| 082 00 - DEWEY DECIMAL CLASSIFICATION NUMBER | |
| Classification number | 621.37 |
| Edition number | 22 |
| Author mark and year | TUP 2006 |
| 100 1# - MAIN ENTRY--PERSONAL NAME | |
| Personal name | Tumański, Sławomir. |
| 9 (RLIN) | 158134 |
| 245 10 - TITLE STATEMENT | |
| Title | Principles of electrical measurement / |
| Statement of responsibility, etc. | S. Tumański. |
| 260 ## - PUBLICATION, DISTRIBUTION, ETC. (IMPRINT) | |
| Place of publication, distribution, etc. | New York : |
| Name of publisher, distributor, etc. | Taylor & Francis, |
| Date of publication, distribution, etc. | 2006. |
| 300 ## - PHYSICAL DESCRIPTION | |
| Pagination | xii, 472 p. : |
| Illustrations | ill. ; |
| Size | 25 cm. |
| 490 1# - SERIES STATEMENT | |
| Series statement | Series in sensors |
| 504 ## - BIBLIOGRAPHY, ETC. NOTE | |
| Bibliography, etc | Includes bibliographical references and index. |
| 650 #0 - SUBJECT ADDED ENTRY--TOPICAL TERM | |
| Topical term or geographic name as entry element | Electrical measurements. |
| 9 (RLIN) | 158135 |
| Topical term or geographic name as entry element | Electronic measurements. |
| 9 (RLIN) | 158136 |
| 830 #0 - SERIES ADDED ENTRY--UNIFORM TITLE | |
| Uniform title | Sensors series. |
| 942 ## - ADDED ENTRY ELEMENTS (KOHA) | |
| Source of classification or shelving scheme | Dewey Decimal Classification |
| Koha item type | Books |
| Lost status | Source of classification or shelving scheme | Damaged status | Not for loan | Collection code | Permanent Location | Current Location | Shelving location | Date acquired | Source of acquisition | Cost, normal purchase price | Total Checkouts | Full call number | Date last seen | Copy number | Koha item type |
|---|---|---|---|---|---|---|---|---|---|---|---|---|---|---|---|
| Dewey Decimal Classification | Non-fiction | Central Library, University of Rajshahi | Central Library, University of Rajshahi | 12/10/2009 | Ahsania book distri : home dhaka | 12925.98 | 621.37 TUP 2006 | 28/09/2016 | C-2 | Books | |||||
| Dewey Decimal Classification | Not For Loan | Non-fiction | Central Library, University of Rajshahi | Central Library, University of Rajshahi | Reading Room | 12/10/2009 | Dhaka, Ahsonia mission Book House, | 2925.98 | 621.37 TUP 2006 | 15/03/2017 | C-1 | Books |